Cuentos de buenas noches para niñas rebeldes : (Registro nro. 27384)

Detalles MARC
000 -LEADER
campo de control de longitud fija 03154cam a22005174i 4500
003 - IDENTIFICADOR DE NÚMERO DE CONTROL
campo de control PE-LiUPU
005 - FECHA Y HORA DE LA ÚLTIMA TRANSACCIÓN
campo de control 20250731184537.0
008 - DATOS DE LONGITUD FIJA--INFORMACIÓN GENERAL
campo de control de longitud fija 180503s2017 pe a r 000 0 spa d
020 ## - NÚMERO INTERNACIONAL ESTÁNDAR DEL LIBRO
Número Internacional Estándar del Libro 9786123191535
035 ## - NÚMERO DE CONTROL DEL SISTEMA
Número de control de sistema (Sirsi) a241825
040 ## - FUENTE DE CATALOGACIÓN
Centro catalogador/agencia de origen PE-LiUPU
Lengua de catalogación spa
Centro/agencia transcriptor PE-LiUPU
Normas de descripción rda
041 1# - CÓDIGO DE IDIOMA
Código de lengua del texto/banda sonora o título independiente spa
Código de lengua original eng
049 ## - FONDOS LOCALES (OCLC)
Biblioteca depositaria PRUA
082 04 - NÚMERO DE LA CLASIFICACIÓN DECIMAL DEWEY
Número de clasificación 920.72
Cutter F29
Número de edición 20
100 1# - ENTRADA PRINCIPAL--NOMBRE DE PERSONA
Nombre de persona Favilli, Elena,
Término indicativo de función/relación autor.
245 10 - MENCIÓN DEL TÍTULO
Título Cuentos de buenas noches para niñas rebeldes :
Resto del título 100 historias de mujeres extraordinarias /
Mención de responsabilidad, etc. Elena Favilli y Francesca Cavallo.
250 ## - MENCION DE EDICION
Mención de edición Primera edición.
264 #1 - PRODUCCIÓN, PUBLICACIÓN, DISTRIBUCIÓN, FABRICACIÓN Y COPYRIGHT
Producción, publicación, distribución, fabricación y copyright Lima :
Nombre del de productor, editor, distribuidor, fabricante Planeta,
Fecha de producción, publicación, distribución, fabricación o copyright 2017.
300 ## - DESCRIPCIÓN FÍSICA
Extensión xii, 212 páginas :
Otras características físicas ilustraciones ;
Dimensiones 24 centímetros
336 ## - TIPO DE CONTENIDO
Término de tipo de contenido text
Fuente rdacontent
337 ## - TIPO DE MEDIO
Nombre/término del tipo de medio unmediated
Fuente rdamedia
338 ## - TIPO DE SOPORTE
Nombre/término del tipo de soporte volume
Fuente rdacarrier
505 0# - NOTA DE CONTENIDO CON FORMATO
Nota de contenido con formato Matemática -- Supermodelo -- Ciclista -- Bailarina -- Presidente y científica -- Aviadora -- Levantadora de pesas -- Inventora -- Periodista -- Pintora -- Campeona de motocross -- Escritora -- Política -- Activista -- Directora de cine -- Escritoras -- Emperatriz -- Alpinista -- Partisana -- Faraona -- Diseñadora de modas -- Poetisa y repostera -- Alumna de primaria -- Activista y política -- Política -- Enfermera -- Pintora -- Científica computacional -- Pirata -- Defensora de la libertad -- Faraona -- Activista -- Candidata presidencial -- Matemática y filósofa -- Heroína de guerra -- Reina -- Escritora -- Pirata -- Escritora -- Primatóloga -- Navegante -- Astrónoma -- Emperatriz -- Estrella de rock -- Chef -- Sufragista -- Reina y guerrera -- Piloto de fórmula -- Guerrera -- Astronauta y dostora -- Activista -- Activista -- Científica computacional -- Primera ministra -- Astrofísica -- Cantante de ópera -- Médica y educadora -- Arqueólloga -- Naturalista -- Científica -- Paleontóloga --Cirujana -- Boxeadora -- Doctora -- Tatuadpra -- Escritora -- Surfista -- Trombonista -- Bailarina -- Espía -- Reina -- Reportera -- Genetista -- Cantante -- Espía -- Científica -- Activista -- Jueza de la suprema corte -- Exploraddora -- Reina -- Tenistas -- Gimnasta -- Rapera -- Bióloga marina -- Pintora -- Escritora -- Activista -- Atleta -- Reina guerrera -- Artista -- Nadadora -- Arquitecta -- Directora de orquesta -- Atrónoma.
526 ## - NOTA DE INFORMACIÓN SOBRE EL PROGRAMA DE ESTUDIO
Nombre del programa Doctorado En Educación Con Mención En Currículo Y Docencia (A Distancia)
526 ## - NOTA DE INFORMACIÓN SOBRE EL PROGRAMA DE ESTUDIO
Nombre del programa Doctorado En Educación Con Mención En Currículo Y Docencia (Semipresencial)
526 ## - NOTA DE INFORMACIÓN SOBRE EL PROGRAMA DE ESTUDIO
Nombre del programa Doctorado En Educación Con Mención En Gestión Educativa (A Distancia)
526 ## - NOTA DE INFORMACIÓN SOBRE EL PROGRAMA DE ESTUDIO
Nombre del programa Doctorado En Educación Con Mención En Gestión Educativa (Semipresencial)
526 ## - NOTA DE INFORMACIÓN SOBRE EL PROGRAMA DE ESTUDIO
Nombre del programa Derecho semipresencial
526 ## - NOTA DE INFORMACIÓN SOBRE EL PROGRAMA DE ESTUDIO
Nombre del programa Derecho presencial
526 ## - NOTA DE INFORMACIÓN SOBRE EL PROGRAMA DE ESTUDIO
Nombre del programa Maestría en teología histórica
526 ## - NOTA DE INFORMACIÓN SOBRE EL PROGRAMA DE ESTUDIO
Nombre del programa Teología
526 ## - NOTA DE INFORMACIÓN SOBRE EL PROGRAMA DE ESTUDIO
Nombre del programa Educación primaria
526 ## - NOTA DE INFORMACIÓN SOBRE EL PROGRAMA DE ESTUDIO
Nombre del programa Educación secundaria, especialidad lingüística e inglés
526 ## - NOTA DE INFORMACIÓN SOBRE EL PROGRAMA DE ESTUDIO
Nombre del programa Educación secundaria, especialidad ambiental, biología y química
526 ## - NOTA DE INFORMACIÓN SOBRE EL PROGRAMA DE ESTUDIO
Nombre del programa Arquitectura
534 ## - NOTA SOBRE LA VERSIÓN ORIGINAL
Frase introductoria Titulo original :
Mención de título del original Good night stories for rebel girls.
541 ## - NOTA DE FUENTE DE ADQUISICIÓN DIRECTA
-- 0021-0005351;
596 ## -
-- 1
650 04 - PUNTO DE ACCESO ADICIONAL DE MATERIA--TÉRMINO DE MATERIA
Término de materia o nombre geográfico como elemento de entrada Mujeres
Subdivisión de forma Biografía
-- Literatura juvenil.
650 04 - PUNTO DE ACCESO ADICIONAL DE MATERIA--TÉRMINO DE MATERIA
Término de materia o nombre geográfico como elemento de entrada Women
Subdivisión de forma Biography
-- Youth literature.
700 1# - ENTRADA AGREGADA--NOMBRE PERSONAL
Nombre de persona Cavallo, Francesca,
Término indicativo de función/relación autor.
910 ## - DATOS DE OPCIÓN DEL USUARIO (OCLC)
Datos de opción del usuario dbm
-- ncf
-- ncf
-- 20180503
942 ## - ELEMENTOS DE ENTRADA SECUNDARIOS (KOHA)
Fuente del sistema de clasificación o colocación Clasificación Decimal Dewey
Tipo de ítem Koha
994 ## -
-- C0
-- PEPRU
999 ## - NÚMEROS DE CONTROL DE SISTEMA (KOHA)
-- LC
-- 78325
-- 2019-11-10
-- CRAI-HOUSE
-- BUL
-- 2
-- 18.04
-- 0
-- Y
-- BOOK
-- 2018-5-3
-- SALUD
-- P33
-- COMPRA
-- FCOMPRA
-- .STAFF. Colección Ciencias de la Salud
980 ## - EQUIVALENCIA O REFERENCIA-CRUZADA-MENCIÓN DE SERIE--NOMBRE DE PERSONA/TÍTULO [LOCAL, CANADÁ]
ID del último usuario que modificó el registro 1
Nombre del último usuario que modificó el registro ALBERTO SANCHEZ Responsable de Automatización
Existencias
Visto por última vez Número de inventario Total de préstamos Signatura topográfica completa Código de barras Fecha del último préstamo Copia número Coste, precio de reemplazo Fecha de reemplazo Facultad Tipo de ítem Koha Nota pública Estado de pérdida Fuente del sistema de clasificación o colocación No para préstamo Colección Programa académico Biblioteca de origen Biblioteca actual Ubicación en estantería Fecha de adquisición Fuente de adquisición Coste, precio normal de compra
2022-12-28 1 2 920.72 F29 78325 2019-11-10 e1 23.04 2018-05-03 FSALUD Libros físicos Este Ítem NO se presta por ser Ejemplar #1. No Perdido Clasificación Decimal Dewey Disponible para préstamos Colección General Psicología Biblioteca CRAI UPeU Lima Biblioteca CRAI UPeU Lima Little Library 2018-05-03 COMPRA 18.04